| 000 | 00871nmm a2200265 a 4500 | ||
|---|---|---|---|
| 001 | ocm000701693 | ||
| 003 | TR-IsHL | ||
| 005 | 20201028135430.0 | ||
| 008 | 131209s2006 tu tur | ||
| 007 | cr cn | ||
| 035 |
_a701693 _b(N$T) |
||
| 050 | 0 | 4 |
_aQZ275 _b.H47 2006 |
| 090 | 0 | 4 |
_aQZ275 _b.H47 2006 |
| 245 | 1 | 0 |
_aHerkes için çocuk kanserlerinde tanı _h[electronic resource] / _ced. İnci Yıldız, Alp Özkan |
| 260 |
_aİstanbul : _bİstanbul Üniversitesi Cerrahpaşa Tıp Fakültesi, _c2006 |
||
| 300 | _a94 p. | ||
| 650 | 4 | _aTıp | |
| 650 | 4 | _aMedicine | |
| 650 | 0 | _aKanserler, çocuklarda | |
| 650 | 0 | _aCancer in children | |
| 650 | 7 |
_aMEDICAL / Nursing / Oncology & Cancer _2bisacsh |
|
| 700 | 1 | _aYıldız, İnci | |
| 700 | 1 | _aÖzkan, Alp | |
| 856 | 4 | 0 | _uhttp://search.ebscohost.com/login.aspx?direct=true&scope=site&db=e011xww&AN=701693 |
| 999 |
_c6738 _d6738 |
||